000 00484nam a2200181Ia 4500
005 20250508162115.0
008 008 250505s9999 xx 000 0 hin d
037 _aTextual
040 _aFEDL
_beng
_cFEDL
041 _ahin
_2hin
084 _a901, MUK
_qFEDL
100 _aMukharji Radha Kumud
_9771883
245 0 _aHindu sabhayta
260 _aDelhi, India
_bRajkamal Prakashan
_c1975
300 _a359p.
942 _cTEXL
_h901, MUK
999 _c1374416
_d1374416